000 00660nam a2200193Ia 4500
003 GCL
008 140319s9999 xx 000 0 ara d
040 _aGCL /
_cGCL
082 0 4 _a822
_bم ك
100 1 _aميللر, ارثر
245 1 0 _aكلهم اولادى /
_cميللر, ارثر
700 1 _aحسن عبدالمقصود حسن
490 _aروائع المسرح العالمى
_v0
650 0 4 _aالادب الانجليزى
650 0 4 _aالمسرحيات الانجليزية
650 0 4 _aالمسرحيات الانجليزية المترجمة
650 0 4 _aالمسرحيات الانجليزية - مجموعات
942 _2ddc
_cBK
999 _c49503
_d49503